00885nam a2200217 a 450000100100000000500170001000800410002702000150006804000250008324500720010826000720018030000280025249000510028050000210033150400320035250400730038470000300045783000580048795201050054599900170065000004120320201002034714.0130925s1998 sp 001 0 spa d a8481642762 aDO-SdBNPbspacBNPHU00aConcepciones de la metafísica /cedición de Jorge J. E. Gracia. aMadrid :bConsejo Superior de Investigaciones Científicas,c1998. a357 p. :bil, ;c24 cm.1 aEnciclopedia iberoamericana de filosofíav17 aIncluye índice aBibliografía : p. 337-339 aIncluye referencias bibliográficas y notas al pie de las páginas1 aGracia, Jorge J.E.967777 0aEnciclopedia iberoamericana de filosofíav17915735 001050718MOaGRbGRcCTd2013-09-25iLF1l0o p41203-10r2020-06-25w2020-06-25y1ZNo se presta c40693d40693